| 000 | 00915cam a2200253 4500 | ||
|---|---|---|---|
| 008 | 090401t1997 xxu||||| |||| 00| 0 eng d | ||
| 020 | _a0419204504 | ||
| 035 | _a(Sirsi) u77644 | ||
| 041 | _aeng | ||
| 050 |
_a692.8 _c18 |
||
| 100 | _aWild, Jim | ||
| 245 | _aSite management of building services contractors | ||
| 260 |
_aLondon _bE. and F. N. Spon _c1997 |
||
| 300 |
_axvii,363p. _bill. _c25cm. |
||
| 350 | _a35 | ||
| 520 | _aAims to demonstrate how a simple common management approach can improve the competency of site managers in overseeing building services contractors. Provides step by step guidance on all aspects of the process, from pre award to post handover. | ||
| 650 | _aBUILDING SERVICES CONTRACTS | ||
| 650 |
_aBlock management _96220 |
||
| 650 | _aRISK ASSESSMENT | ||
| 650 | _aSITE MANAGEMENT | ||
| 690 | _aBUILDING AND CONSTRUCTION-MANAGEMENT | ||
| 942 | _n0 | ||
| 948 | _c08/04/1997 | ||
| 999 |
_c96336 _d96336 |
||